Fluid mechanics for chemical engineers

محفوظ في:
التفاصيل البيبلوغرافية
المؤلف الرئيسي: Nevers, Noel de
التنسيق: كتاب
اللغة:Undetermined
منشور في: New York McGraw Hill 2005
الموضوعات:
الوسوم: إضافة وسم
لا توجد وسوم, كن أول من يضع وسما على هذه التسجيلة!
Thư viện lưu trữ: Trung tâm Học liệu Trường Đại học Cần Thơ
LEADER 00522nam a2200193Ia 4500
001 CTU_94673
008 210402s9999 xx 000 0 und d
020 |c 118.75 
082 |a 532.02466 
082 |b N516 
100 |a Nevers, Noel de 
245 0 |a Fluid mechanics for chemical engineers 
245 0 |c Noel de Nevers 
260 |a New York 
260 |b McGraw Hill 
260 |c 2005 
650 |a Fluid mechanics,Chemical engineering 
904 |i Trúc 
980 |a Trung tâm Học liệu Trường Đại học Cần Thơ